Millions suffer noisy neighbours (Record no. 73717)
[ view plain ]
| 000 -LEADER | |
|---|---|
| fixed length control field | 01055cam a2200229 4500 |
| 001 - CONTROL NUMBER | |
| control field | WB3941-08 |
| 008 - FIXED-LENGTH DATA ELEMENTS--GENERAL INFORMATION | |
| fixed length control field | 031030n2003 000 0 eng u |
| 035 ## - SYSTEM CONTROL NUMBER | |
| System control number | (Sirsi) u124184 |
| 245 ## - TITLE STATEMENT | |
| Title | Millions suffer noisy neighbours |
| 260 ## - PUBLICATION, DISTRIBUTION, ETC. | |
| Date of publication, distribution, etc. | 2003 |
| 490 ## - SERIES STATEMENT | |
| Series statement | DEFRA News Release |
| Volume/sequential designation | 29 October 2003 (2) |
| 520 ## - SUMMARY, ETC. | |
| Summary, etc. | Almost one in three Britons say noisy neighbours are a problem, according to new government research. One in seven people (14%) in high-density urban areas say noisy neighbours affect their quality of life. "Neighbour noise - public opinion research to assess its nature, extent and significance" is available at http://www.defra.gov.uk/environment/noise/research.htm. DEFRA News Release http://www.gnn.gov.uk/gnn/national.nsf/Daily+News/B7DF5F29F27AD85C80256DCE003E90CB?opendocument. |
| 590 ## - LOCAL NOTE (RLIN) | |
| Local note | WB |
| 650 ## - SUBJECT ADDED ENTRY--TOPICAL TERM | |
| Topical term or geographic name entry element | DEFRA |
| 650 ## - SUBJECT ADDED ENTRY--TOPICAL TERM | |
| Topical term or geographic name entry element | NOISY NEIGHBOURS |
| 650 ## - SUBJECT ADDED ENTRY--TOPICAL TERM | |
| Topical term or geographic name entry element | ANTI-SOCIAL BEHAVIOUR |
| 650 ## - SUBJECT ADDED ENTRY--TOPICAL TERM | |
| Topical term or geographic name entry element | SURVEYS |
| 650 ## - SUBJECT ADDED ENTRY--TOPICAL TERM | |
| Topical term or geographic name entry element | URBAN AREAS |
| 650 ## - SUBJECT ADDED ENTRY--TOPICAL TERM | |
| Topical term or geographic name entry element | NOISE POLLUTION |
| 690 ## - LOCAL SUBJECT ADDED ENTRY--TOPICAL TERM (OCLC, RLIN) | |
| Topical term or geographic name as entry element | ENVIRONMENTAL AND LAND CONSULTANCY |
| 942 ## - ADDED ENTRY ELEMENTS (KOHA) | |
| Suppress in OPAC | 0 |
| Withdrawn status | Lost status | Source of classification or shelving scheme | Damaged status | Not for loan | Home library | Current library | Shelving location | Date acquired | Total Checkouts | Full call number | Barcode | Date last seen | Copy number | Price effective from | Koha item type |
|---|---|---|---|---|---|---|---|---|---|---|---|---|---|---|---|
| Dewey Decimal Classification | London | London | News article | 30/10/2003 | WB3941-08 | 124184-1001 | 06/08/2019 | 1 | 06/08/2019 | News article |